000 00705nam a2200289Ia 4500
005 20260324120914.0
008 008 260324s9999 xx 000 0 eng d
020 _a9781315886763
037 _aEBOOK
040 _aCRL
040 _beng
040 _cCRL
041 _2eng
041 _aeng
084 _qCRL
100 _aPatrick Lee Plaisance
_91160426
245 0 _aVirtue in Media
245 4 _bThe Moral Psychology of Excellence in News and Public Relations
260 _bTaylor and Francis
260 _c2014
365 _a
365 _b265
856 _uhttp://www.taylorfrancis.com/books/9781315886763
942 _cEBOOK
999 _c1752210
_d1752210